| 000 | 00440nam a2200169Ia 4500 | ||
|---|---|---|---|
| 008 | 210210b1990 xxu||||| |||| 00| 0 eng d | ||
| 020 | _a0 7069 5402 5 | ||
| 082 | _a658.001 DWIM | ||
| 100 | _aDWIVEDI (D N). | ||
| 245 | _aManagerial economics. | ||
| 250 | _a | ||
| 260 |
_aNew Delhi. _bVikas Publishing House Pvt Ltd., _c1990 |
||
| 300 | _axvi,424 | ||
| 650 | _aManagerial Economics | ||
| 690 | _aBusiness Economics | ||
| 906 | _a044902 | ||
| 999 |
_c94493 _d94493 |
||